Conflicto laboral en la Caja Costarricense de Seguro Social /

Salvato in:
Dettagli Bibliografici
Autore principale: Sánchez Machado, Mario Alejo
Altri autori: Ramírez Mixter, Octavio J.
Natura: testo
Pubblicazione: San José: Casa Presidencial. Oficina de Información
Tags: Aggiungi Tag
Nessun Tag, puoi essere il primo ad aggiungerne!!

MARC

LEADER 00000 a a2200000 04500
001 15828
003
040
090 |a 015200  
100 |a Sánchez Machado, Mario Alejo  
245 |a Conflicto laboral en la Caja Costarricense de Seguro Social /  |c Mario Alejo Sánchez Machado 
260 |a San José:   |b Casa Presidencial. Oficina de Información  
300 |a 28 p  
700 |a Ramírez Mixter, Octavio J.  
999 |c 15132  |d 15132